Textbook of company law Ed 5 (Record no. 146393)

MARC details
000 -LEADER
fixed length control field 00510nam a2200241Ia 4500
008 - FIXED-LENGTH DATA ELEMENTS--GENERAL INFORMATION
fixed length control field 210210b2011 xxu||||| |||| 00| 0 eng d
020 ## - INTERNATIONAL STANDARD BOOK NUMBER
International Standard Book Number 9789380280158
041 ## - LANGUAGE CODE
Language code of text/sound track or separate title eng
082 ## - DEWEY DECIMAL CLASSIFICATION NUMBER
Classification number 346.066 MAIT
100 ## - MAIN ENTRY--PERSONAL NAME
Personal name MAIYA (Umesh)
245 ## - TITLE STATEMENT
Title Textbook of company law Ed 5
250 ## - EDITION STATEMENT
Edition statement
260 ## - PUBLICATION, DISTRIBUTION, ETC.
Place of publication, distribution, etc. Udupi
Name of publisher, distributor, etc. -
Date of publication, distribution, etc. 2011
300 ## - PHYSICAL DESCRIPTION
Extent vi,218
650 ## - SUBJECT ADDED ENTRY--TOPICAL TERM
Topical term or geographic name entry element Textbook
650 ## - SUBJECT ADDED ENTRY--TOPICAL TERM
Topical term or geographic name entry element of
650 ## - SUBJECT ADDED ENTRY--TOPICAL TERM
Topical term or geographic name entry element law
650 ## - SUBJECT ADDED ENTRY--TOPICAL TERM
Topical term or geographic name entry element Ed
650 ## - SUBJECT ADDED ENTRY--TOPICAL TERM
Topical term or geographic name entry element company
650 ## - SUBJECT ADDED ENTRY--TOPICAL TERM
Topical term or geographic name entry element 5
690 ## - LOCAL SUBJECT ADDED ENTRY--TOPICAL TERM (OCLC, RLIN)
Topical term or geographic name as entry element Company Law
906 ## - LOCAL DATA ELEMENT F, LDF (RLIN)
a 065659
Holdings
Withdrawn status Lost status Damaged status Not for loan Collection code Home library Current library Shelving location Date acquired Source of acquisition Cost, normal purchase price Total Checkouts Full call number Barcode Date last seen Price effective from Koha item type Date last checked out Source of classification or shelving scheme
          St Aloysius Library St Aloysius Library   02/17/2021 United Traders, Kodialbail, Mangalore-3 175.00   346.066 MAIT 066660 02/17/2021 02/17/2021 Book    
          St Aloysius Library St Aloysius Library   02/17/2021 United Traders, Kodialbail, Mangalore-3 175.00 1 346.066 MAIT 066659 05/24/2023 02/17/2021 Book 05/22/2023  
          St Aloysius Library St Aloysius Library   02/17/2021 United Traders, Kodialbail, Mangalore-3 175.00   346.066 MAIT 066658 02/17/2021 02/17/2021 Book    
        Management St Aloysius Library St Aloysius Library   02/17/2021 United Traders, Kodialbail, Mangalore-3 175.00   346.066 MAIT 066657 02/17/2021 02/17/2021 Book   Dewey Decimal Classification
          St Aloysius Library St Aloysius Library   02/17/2021 United Traders, Kodialbail, Mangalore-3 175.00 2 346.066 MAIT 065659 02/23/2023 02/17/2021 Book 02/09/2023